[Event "1st Irena Warakomska Memorial "]
[Site "Suwalki"]
[Date "2017.08.12"]
[Round "2"]
[White "Wozniak, Mariola"]
[Black "Barski, Radoslaw"]
[Result "1-0"]
[WhiteElo "2181"]
[BlackElo "2444"]
[Annotator "TA"]
[PlyCount "89"]
[EventDate "2017.??.??"]
[EventCountry "POL"]
[SourceTitle "playchess.com"]
[Source "ChessBase"]
[SourceQuality "1"]

{[%evp 24,89,10,0,44,23,33,22,32,50,68,68,81,0,0,0,0,7,33,46,52,39,39,0,17,18,11,0,100,68,61,0,162,95,178,137,475,441,663,656,647,625,29938,5631,5165,5277,29973,29975,29972,29973,29971,29972,29986,29972,29972,29973,29962,29966,29966,29967,29967,29968,29967,29966,29943,593,29983,29984]} 1. e4 c5 2. Nf3 d6 3. d4 cxd4 4. Nxd4 Nf6 5. Nc3 a6 6. Be2 e5 7. Nb3 Be7 8. O-O O-O 9. Qd3 Be6 10. Nd5 Bxd5 11. exd5 Nbd7 12. Be3 Rc8 13. c4 b6 {B92: Sicilian Najdorf: 6 Be2} (13... Ne8 14. Qd2 b6 15. Rac1 a5 16. Na1 g6 17. b4 Ng7 18. bxa5 bxa5 19. Bd3 Nc5 20. Bc2 a4 21. Rb1 {0-1 (66) Carlsen,M (2853)-Grischuk,A (2771) Saint Louis 2015}) 14. Nd2 Ne8 $146 ({Predecessor:} 14... a5 15. a3 Nc5 16. Qb1 a4 17. b4 axb3 18. Nxb3 Na4 19. Nd2 Nc3 20. Qd3 Nxe2+ 21. Qxe2 {0-1 (45) Migot,T (2002)-Montabord,M (2163) Aix les Bains 2007}) 15. Bg4 Rb8 {The position is equal.} 16. b4 g6 {aiming for ...f5.} 17. Bxd7 $1 Qxd7 {[#]} 18. a4 (18. f4 $1 $16) 18... f5 $11 {Strongly threatening ...f4.} 19. f3 Nf6 20. Nb3 e4 21. fxe4 Nxe4 22. Nd4 Bf6 23. g4 {[%cal Rg4f5]} Bxd4 (23... f4 $5 24. Qxe4 fxe3 $11) 24. Bxd4 {Hoping for gxf5.} Rbe8 $1 25. Rae1 h6 ({Don't blunder} 25... Qxa4 $2 26. gxf5 Ng5 27. fxg6 $18) (25... Qd8 $11 {keeps the balance.}) 26. Bxb6 Qxa4 27. gxf5 (27. Be3 $14) 27... gxf5 $2 (27... Qxb4 $11 {and Black is okay.} 28. Rxe4 Rxe4 29. Qxe4 Qxb6+ 30. Kh1 Rxf5 31. Qe8+ (31. Rxf5 gxf5 32. Qxf5 Kg7 $11) 31... Kg7 32. Qe7+ Kh8 33. Qe8+ Kg7 34. Qd7+ Kh8 35. Rxf5 gxf5) 28. Kh1 ({White should try} 28. Bd4 $18) 28... Qxb4 $16 29. Bd4 Rf7 $2 {[%mdl 8192]} (29... Qb7 $16) 30. Re2 $18 Kh7 {[#]} (30... Qb7 $142 31. Qh3 Kh7) 31. Rxf5 $1 {[%mdl 512]} Rxf5 32. Rxe4 Rxe4 33. Qxe4 {[%mdl 4096] Endgame KQR-KQB} Kg6 34. Qe6+ Kg5 35. Be3+ Rf4 {[#]} 36. h4+ $1 {[%mdl 512]} Kh5 (36... Kxh4 37. Qxh6+) 37. Bxf4 Qxc4 38. Qxh6+ Kg4 39. Qg5+ Kf3 40. Qg3+ Ke4 41. Bxd6 Qf1+ 42. Kh2 Kxd5 43. Ba3 Kc4 44. Qg4+ Kb3 45. Qh3+ {Precision: White = 78%, Black = 39%.} 1-0

[Event "1st Irena Warakomska Memorial "]
[Site "Suwalki"]
[Date "2017.08.12"]
[Round "2"]
[White "Walkusz, Witoslaw"]
[Black "Kashlinskaya, Alina"]
[Result "1/2-1/2"]
[WhiteElo "2115"]
[BlackElo "2440"]
[Annotator "TA"]
[PlyCount "89"]
[EventDate "2017.??.??"]
[EventCountry "POL"]
[SourceTitle "playchess.com"]
[Source "ChessBase"]
[SourceQuality "1"]

{[%evp 22,89,6,5,10,-11,-11,-21,-18,-8,0,-17,-22,-31,-14,-8,-11,-21,-14,-14,0,-41,-33,-37,0,-6,0,-11,-25,-26,-16,-38,0,-30,-21,-30,-5,-5,-5,-10,-15,-21,-5,-51,-2,-2,-2,-29,-21,-33,-21,-21,-21,-21,-21,-21,0,0,0,0,0,0,0,0,0,0,0,0,0,0]} 1. e4 e5 2. Nf3 Nc6 3. Bb5 Nf6 4. d3 {[%cal Bd2d3,Bd3d4][%mdl 32]} Bc5 5. O-O d6 {[%cal Bd7d6,Bd6d5][%mdl 32]} 6. h3 O-O 7. c3 Ne7 {C65: Ruy Lopez: Berlin Defence (3...Nf6), unusual lines and 4 0-0 Bc5} 8. d4 Bb6 9. Re1 d5 10. Nxe5 Nxe4 11. Nd2 Nd6 12. Bd3 {LiveBook: 6 Games} f6 13. Ng4 Bf5 14. Nf1 Bxd3 15. Qxd3 Ng6 16. Ng3 {[#]} c6 $146 17. Nf5 Qd7 18. Nxd6 Qxd6 19. Ne3 Rae8 20. Bd2 Nf4 (20... Bc7 $5 {[%cal Rd6h2]} 21. g3 Re4 $11) 21. Qf1 f5 22. g3 Ne6 23. Ng2 $1 Bc7 24. Bf4 (24. Nf4 $5) 24... Nxf4 25. Nxf4 Re4 26. f3 Re7 27. Rxe7 Qxe7 28. Qe1 Re8 29. Qxe7 Rxe7 30. Kf2 Bxf4 31. gxf4 $11 {[%mdl 4096] Endgame KR-KR} Kf7 32. Re1 Rd7 33. Re5 g6 34. Kg3 b5 35. Kh4 h6 36. Kg3 {The position is equal.} a5 37. h4 h5 38. Kf2 b4 39. Ke3 bxc3 40. b3 a4 {[#] And now ...axb3 would win.} 41. b4 Rb7 42. a3 $1 Re7 $1 {[%cal Re7e5]} 43. Rxe7+ $1 Kxe7 44. Kd3 Kd6 (44... c2 $5 45. Kxc2 Kd8 $11) 45. Kxc3 {Precision: White = 52%, Black = 53%.} 1/2-1/2